The monk who sold his Ferrari : (Record no. 5971)
[ view plain ]
| 000 -LEADER | |
|---|---|
| fixed length control field | 02037cam a2200337 a 4500 |
| 001 - CONTROL NUMBER | |
| control field | 5971 |
| 003 - CONTROL NUMBER IDENTIFIER | |
| control field | FISKH |
| 005 - DATE AND TIME OF LATEST TRANSACTION | |
| control field | 20250225093838.0 |
| 008 - FIXED-LENGTH DATA ELEMENTS--GENERAL INFORMATION | |
| fixed length control field | 980206r19981996caua 000 1 eng |
| 010 ## - LIBRARY OF CONGRESS CONTROL NUMBER | |
| LC control number | 98013247 |
| 020 ## - INTERNATIONAL STANDARD BOOK NUMBER | |
| International Standard Book Number | 0062515608 (cloth) |
| 020 ## - INTERNATIONAL STANDARD BOOK NUMBER | |
| International Standard Book Number | 0062515675 (pbk.) |
| 020 ## - INTERNATIONAL STANDARD BOOK NUMBER | |
| International Standard Book Number | 9780007848423 |
| Terms of availability | $12.00 |
| 040 ## - CATALOGING SOURCE | |
| Original cataloging agency | DLC |
| Transcribing agency | DLC |
| Modifying agency | DLC |
| Language of cataloging | eng |
| 050 ## - LIBRARY OF CONGRESS CALL NUMBER | |
| Classification number | PR9199.S497 M6 |
| 082 ## - DEWEY DECIMAL CLASSIFICATION NUMBER | |
| Classification number | 813.54 |
| 100 1# - MAIN ENTRY--PERSONAL NAME | |
| Personal name | Sharma, Robin S. |
| Fuller form of name | (Robin Shilp), |
| Dates associated with a name | 1964- |
| 245 14 - TITLE STATEMENT | |
| Title | The monk who sold his Ferrari : |
| Remainder of title | A spiritual fable about fulfilling your dreams and reaching your destiny / |
| Statement of responsibility, etc. | Robin S. Sharma. |
| 250 ## - EDITION STATEMENT | |
| Edition statement | This edition published by Harper Thorsons 2014 |
| 260 ## - PUBLICATION, DISTRIBUTION, ETC. | |
| Place of publication, distribution, etc. | Harper Collins : |
| Name of publisher, distributor, etc. | London, |
| Date of publication, distribution, etc. | 1997 |
| 300 ## - PHYSICAL DESCRIPTION | |
| Extent | 231 pages : |
| Dimensions | 18 cm |
| 500 ## - GENERAL NOTE | |
| General note | A captivating story that teaches as it delight. |
| 520 ## - SUMMARY, ETC. | |
| Summary, etc. | Includes a bonus excerpt of Robin Sharma's upcoming The Secret Letters of the Monk Who Sold His Ferrari. With more than four million copies sold in fifty-one languages, The Monk Who Sold His Ferrari launched a bestselling series and continues to help people from every walk of life live with far greater success, happiness and meaning in these times of dramatic uncertainty. The Monk Who Sold His Ferrari celebrates the story of Julian Mantle, a successful but misguided lawyer whose physical and emotional collapse propels him to confront his life. The result is an engaging odyssey on how to release your potential and live with passion, purpose and peace. A brilliant blend of timeless wisdom and cutting-edge success principles, The Monk Who Sold His Ferrari is now, more than ever, a guide for the times, as countless Canadians dedicate themselves to living a life where family, work and personal fulfillment are achieved in harmonious balance. |
| 650 #0 - SUBJECT ADDED ENTRY--TOPICAL TERM | |
| Topical term or geographic name entry element | Self-realization |
| Form subdivision | Fiction. |
| 650 #0 - SUBJECT ADDED ENTRY--TOPICAL TERM | |
| Topical term or geographic name entry element | Conduct of life |
| Form subdivision | Fiction. |
| 655 #7 - INDEX TERM--GENRE/FORM | |
| Genre/form data or focus term | Didactic fiction. |
| Source of term | gsafd |
| 655 #7 - INDEX TERM--GENRE/FORM | |
| Genre/form data or focus term | Fables. |
| Source of term | gsafd |
| 906 ## - LOCAL DATA ELEMENT F, LDF (RLIN) | |
| a | 7 |
| b | cbc |
| c | orignew |
| d | 1 |
| e | ocip |
| f | 19 |
| g | y-gencatlg |
| 942 ## - ADDED ENTRY ELEMENTS (KOHA) | |
| Source of classification or shelving scheme | Dewey Decimal Classification |
| Koha item type | Books |
| Suppress in OPAC | No |
| Withdrawn status | Lost status | Source of classification or shelving scheme | Damaged status | Not for loan | Collection | Home library | Current library | Shelving location | Date acquired | Total Checkouts | Full call number | Barcode | Date last seen | Date last checked out | Copy number | Price effective from | Koha item type | Date due |
|---|---|---|---|---|---|---|---|---|---|---|---|---|---|---|---|---|---|---|
| Dewey Decimal Classification | Non-Fiction | Footprints International School Library Network Toul Kork Campus | Footprints International School Library Network Toul Kork Campus | A TK Campus, 4th Floor, Room B401, Non-Fiction Bookcases(7-8) | 02/14/2025 | 1 | SHA 813.54 PR9199.S497 M6 | 2025-0574 | 06/05/2025 | 02/27/2025 | 1 | 02/14/2025 | Books | |||||
| Dewey Decimal Classification | Non-Fiction | Footprints International School Library Network Toul Kork Campus | Footprints International School Library Network Toul Kork Campus | A TK Campus, 4th Floor, Room B401, Non-Fiction Bookcases(7-8) | 02/14/2025 | 5 | SHA 813.54 PR9199.S497 M6 | 2025-0575 | 04/22/2026 | 04/22/2026 | 2 | 02/14/2025 | Books | 05/06/2026 | ||||
| Dewey Decimal Classification | Non-Fiction | Footprints International School Library Network Toul Kork Campus | Footprints International School Library Network Toul Kork Campus | TTP Secondary Non-Fiction Bookshelves | 02/14/2025 | 1 | SHA 813.54 PR9199.S497 M6 | 2025-0576 | 02/25/2025 | 02/21/2025 | 3 | 02/14/2025 | Books |
